Treatise on Inorganic Chemistry.Vol.1 Introduction and main groups of the periodic table/ (Record no. 12330)
[ view plain ]
| 000 -LEADER | |
|---|---|
| fixed length control field | 01110cam a22002891 4500 |
| 001 - CONTROL NUMBER | |
| control field | 9810801 |
| 005 - DATE AND TIME OF LATEST TRANSACTION | |
| control field | 20240818092928.0 |
| 008 - FIXED-LENGTH DATA ELEMENTS--GENERAL INFORMATION | |
| fixed length control field | 730207s1956 ne a b 000 0 eng c |
| 010 ## - | |
| -- | a 57008603 |
| 035 ## - SYSTEM CONTROL NUMBER | |
| System control number | (OCoLC)555095 |
| 040 ## - CATALOGING SOURCE | |
| Original cataloging agency | Temple Univ. Library |
| Transcribing agency | ODaWU |
| Modifying agency | OCoLC |
| -- | CLO |
| -- | NjWP |
| -- | DLC |
| 041 1# - LANGUAGE CODE | |
| Language code of text/sound track or separate title | engund |
| 042 ## - | |
| -- | premarc |
| 050 00 - LIBRARY OF CONGRESS CALL NUMBER | |
| Classification number | QD151 |
| Item number | .R443 |
| 082 ## - DEWEY DECIMAL CLASSIFICATION NUMBER | |
| Edition number | 22 |
| Classification number | 546 |
| Item number | REM |
| 100 1# - MAIN ENTRY--PERSONAL NAME | |
| Personal name | Remy, Heinrich, |
| Dates associated with a name | 1890- |
| 9 (RLIN) | 7967 |
| 245 10 - TITLE STATEMENT | |
| Title | Treatise on Inorganic Chemistry.Vol.1 Introduction and main groups of the periodic table/ |
| Statement of responsibility, etc | by H. Remy; Translated by J. S. Anderson; Edited by J. Kleinberg. |
| 260 ## - | |
| -- | Amsterdam, |
| -- | New York, |
| -- | Elsevier Pub. Co., |
| -- | 1956. |
| 300 8# - PHYSICAL DESCRIPTION | |
| Extent | 856p. : |
| Other physical details | ill. ; |
| Dimensions | 26 cm. |
| 336 ## - CONTENT TYPE | |
| Source | rdacontent |
| Content type term | text |
| Content type code | txt |
| 337 ## - MEDIA TYPE | |
| Media type term | unmediated |
| Source | rdamedia |
| Media type code | n |
| 338 ## - CARRIER TYPE | |
| Carrier type term | volume |
| Carrier type code | nc |
| Source | rdacarrier |
| 504 ## - BIBLIOGRAPHY, ETC. NOTE | |
| Bibliography, etc | Includes bibliographical references and index |
| 505 0# - FORMATTED CONTENTS NOTE | |
| Formatted contents note | v. 1. Introduction and main groups of the periodic table.--v. 2. Sub-groups of the periodic table and general topics. |
| 650 #0 - SUBJECT ADDED ENTRY--TOPICAL TERM | |
| Topical term or geographic name as entry element | Chemistry, Inorganic. |
| 9 (RLIN) | 7968 |
| 942 ## - ADDED ENTRY ELEMENTS (KOHA) | |
| Source of classification or shelving scheme | Dewey Decimal Classification |
| Koha item type | Book - Borrowing |
| Classification part | RDA-MOD |
| Withdrawn status | Lost status | Source of classification or shelving scheme | Materials specified (bound volume or other part) | Damaged status | Not for loan | Collection code | Home library | Current library | Shelving location | Date acquired | Source of acquisition | Cost, normal purchase price | Total Checkouts | Full call number | Barcode | Date last seen | Koha item type |
|---|---|---|---|---|---|---|---|---|---|---|---|---|---|---|---|---|---|
| Dewey Decimal Classification | Alef-Baa | Central Library | Central Library | First floor | 12/07/2009 | Purchase | 150.00 | 546 REM | 000017434 | 15/07/2025 | Book - Borrowing |